Statistics for Footballers by Picture 5

Click here to take the quiz!

General Stats

  • This quiz has been taken 192 times
    (177 since last reset)
  • The average score is 11 of 16

Answer Stats

Answer% Correct
Kai Havertz
92%
Marc-Andre ter Stegen
92%
Casemiro
90%
Mason Mount
90%
Kingsley Coman
89%
Fabinho
82%
Hakim Ziyech
80%
Marquinhos
78%
Matthijs De Ligt
70%
Memphis Depay
61%
Dayot Upamecano
57%
Diogo Jota
56%
Marcel Sabitzer
55%
Kalidou Koulibaly
54%
Dominic Calvert-Lewin
49%
James Tavernier
13%

Score Distribution

Percentile by Number Answered

Percent of People with Each Score

Your Score History

You have not taken this quiz since the last reset